000
00308cam a22001097a 4500
008
180718bn.d. xxu||||| |||| 00| 0 eng d
082
_a
B813x54 M278
100
_a
Maharashtra.
245
_a
Maharashtra: a case in brief on its border dispute with Mysore
260
_a
Bombay
_b
The author
_c
n.d.
300
_a
10p.
999
_c
488877
_d
488877